| 000 | 00505nam a2200181 a 4500 | ||
|---|---|---|---|
| 005 | 20210219153058.0 | ||
| 008 | 991125n 000 0 u | ||
| 035 | _aUPN01000076657 | ||
| 222 | 0 | _aBRITISH JOURNAL OF SPECIAL EDUCATION | |
| 245 | 0 | 0 | _aEnter the Bill, exit the act |
| 260 | _aReino Unido | ||
| 300 | _a134-135 | ||
| 362 | 0 | _a1992 Vol. 19, no. 4, dic. | |
| 653 | 0 | _aESTUDIANTES CON NECESIDADES ESPECIALES | |
| 653 | 0 | _aLEGISLACION EDUCATIVA | |
| 904 |
_aAC _b014468 |
||
| 905 | _aArticulo | ||
| 999 |
_c67927 _d67927 |
||